Паротурбинные и парогазовые установки / ДОФ 2022 (13.03.01): электронный курс

Dades bibliogràfiques
Autor principal: Ромашова О. Ю. Ольга Юрьевна
Autor corporatiu: Национальный исследовательский Томский политехнический университет (570)
Sumari:Заглавие с экрана
Основной целью курса является получение компетенций по анализу эффективности паротурбинных и парогазовых технологий для производства электроэнергии и теплоты на ТЭС и АЭС. Курс предназначен для студентов направления 13.03.01 Теплоэнергетика и теплотехника, обучающихся по образовательной программе "Инженерия теплоэнергетики и теплотехники" (специальность "Тепловые электрические станции", уровень - бакалавриат, 7 семестр). В курсе раскрываются вопросы, связанные с оценкой экономичности ПТУ и ПГУ, расчетом параметров рабочего тела и показателей эффективности установок, влиянием внешних факторов на выбор проектных решений, анализом показателей работы установок в переменном режиме
Интерактивный мультимедиа ресурс
AM_Login_TPU
Idioma:rus
Publicat: Томск, TPU Moodle, 2025
Matèries:
Accés en línia:https://design.lms.tpu.ru/course/view.php?id=5364
Format: MixedMaterials Electrònic Llibre
KOHA link:https://koha.lib.tpu.ru/cgi-bin/koha/opac-detail.pl?biblionumber=684060

MARC

LEADER 00000nlm0a2200000 4500
001 684060
005 20251229160400.0
090 |a 684060 
100 |a 20251224d2025 m||y0rusy50 ca 
101 0 |a rus 
102 |a RU 
105 |a a j 000yy 
135 |a jrcn ---uucaa 
181 0 |a i   |b  e  
182 0 |a b 
183 0 |a cr  |2 RDAcarrier 
200 1 |a Паротурбинные и парогазовые установки / ДОФ 2022 (13.03.01)  |e электронный курс  |f О. Ю. Ромашова  |g Национальный исследовательский Томский политехнический университет 
203 |a Текст  |c электронный  |b визуальный 
210 |a Томск  |c TPU Moodle  |d 2025 
283 |a online_resource  |2 RDAcarrier 
300 |a Заглавие с экрана 
330 |a Основной целью курса является получение компетенций по анализу эффективности паротурбинных и парогазовых технологий для производства электроэнергии и теплоты на ТЭС и АЭС. Курс предназначен для студентов направления 13.03.01 Теплоэнергетика и теплотехника, обучающихся по образовательной программе "Инженерия теплоэнергетики и теплотехники" (специальность "Тепловые электрические станции", уровень - бакалавриат, 7 семестр). В курсе раскрываются вопросы, связанные с оценкой экономичности ПТУ и ПГУ, расчетом параметров рабочего тела и показателей эффективности установок, влиянием внешних факторов на выбор проектных решений, анализом показателей работы установок в переменном режиме 
336 |a Интерактивный мультимедиа ресурс 
371 0 |a AM_Login_TPU 
606 |a Паротурбинные установки  |9 67195 
606 |a Парогазовые установки  |9 67163 
610 1 |a электронный ресурс 
610 1 |a труды учёных ТПУ 
610 1 |a электронное обучение 
610 1 |a кампусные онлайн-курсы 
610 1 |a дистанционное образование 
610 1 |a дистанционное обучение 
610 1 |a e-learning 
610 1 |a Moodle 
610 1 |a газотурбинные установки 
675 |a 621.165  |v 4 
675 |a 621.18:621.438  |v 4 
700 1 |a Ромашова  |b О. Ю.  |c специалист в области теплоэнергетики  |c доцент Томского политехнического университета, кандидат технических наук  |f 1960-  |g Ольга Юрьевна  |9 11464 
712 0 2 |a Национальный исследовательский Томский политехнический университет  |c (2009- )  |4 570  |9 26305 
801 0 |a RU  |b 63413507  |c 20251224  |g RCR 
850 |a 63413507 
856 4 |u https://design.lms.tpu.ru/course/view.php?id=5364  |z https://design.lms.tpu.ru/course/view.php?id=5364 
942 |c CF